Statistics for Countries Closest to the United Kingdom A-Z

Click here to take the quiz!

General Stats

  • This quiz has been taken 54,784 times
  • The average score is 19 of 24

Answer Stats

Country % Correct
FFrance
98%
IIreland
97%
DDenmark
95%
GGermany
95%
BBelgium
95%
NNetherlands
92%
QQatar
86%
LLuxembourg
86%
YYemen
84%
AAustria
83%
PPoland
83%
EEstonia
83%
RRussia
82%
SSwitzerland
81%
ZZambia
81%
HHungary
80%
OOman
79%
VVatican City
74%
CCzech Republic
71%
MMonaco
71%
UUkraine
67%
KKosovo
60%
JJordan
58%
TTunisia
52%

Score Distribution

Percentile by Number Answered

Percent of People with Each Score

Your Score History

You have not taken this quiz